| 000 | 00567nam a22002057a 4500 | ||
|---|---|---|---|
| 003 | OSt | ||
| 005 | 20160530183813.0 | ||
| 008 | 160530b xxu||||| |||| 00| 0 eng d | ||
| 020 | _a1901198162 | ||
| 040 | _cDNLM | ||
| 082 | _aWB18 D221p 2002 | ||
| 100 |
_aDaniel, Rob; [et...al] _99123 |
||
| 245 | _aPractice papers for MRCGP Written Exam Paper 1 | ||
| 260 | _aChishire; PasTest Ltd, 2002 | ||
| 300 | _aiv,332p; ill: 25cm | ||
| 504 | _aAbbreviations, & index included | ||
| 650 |
_aMedicine exams _99124 |
||
| 650 |
_aMCQS Clinicals _99125 |
||
| 942 |
_2z _cO_SHELF |
||
| 999 |
_c4234 _d4234 |
||